| 000 | 01053nam a22003377a 4500 | ||
|---|---|---|---|
| 001 | 0001459 | ||
| 003 | KOHA_MİRAKIL | ||
| 005 | 20260207001242.0 | ||
| 007 | ta | ||
| 008 | 090217b2000 us |||gr||||#||||0|eng | | ||
| 020 |
_a0471356328 _c237,61399999999998 |
||
| 040 |
_aTR-BiSEU _btur _cTR-BiSEU _erda |
||
| 041 | 0 | _aeng | |
| 044 | _cus | ||
| 050 |
_aQA278.2 _b.H67 2000 |
||
| 100 | 1 | _aHosmer, David W. . | |
| 245 | 1 |
_aApplied logistic regression/ _cDavid W. Hosmer ; David W. Hosmer, Stanley Lemeshow. |
|
| 250 | _a2nd ed. | ||
| 264 | 1 |
_aNew York : _bWiley _c2000 |
|
| 300 | _axii, 373 sayfa: resimli | ||
| 336 |
_ametin _btxt _2rdacontent |
||
| 337 |
_aaracısız _bn _2rdamedia |
||
| 338 |
_acilt _bnc _2rdacarrier |
||
| 490 | 0 | _aWiley series in probability and statistics. | |
| 490 | 0 | _aTexts and references section | |
| 650 | 0 |
_aMatematik. _91486 |
|
| 650 | 0 |
_aİstatistiksel matematik. _94663 |
|
| 830 | 0 |
_aWiley series in probability and statistics. _94664 |
|
| 830 | 0 |
_aTexts and references section _94665 |
|
| 942 |
_2lcc _cBK |
||
| 999 |
_c1446 _d1446 |
||